América Central; crisis de las dictaduras militares /

Na minha lista:
Detalhes bibliográficos
Autor principal: Hándal Schafik, Jorge
Formato: Texto
Tags: Adicionar Tag
Sem tags, seja o primeiro a adicionar uma tag!

MARC

LEADER 00000 a a2200000 04500
001 592
003
040
100 |a Hándal Schafik, Jorge  
245 |a América Central; crisis de las dictaduras militares /  |c Jorge Hándal Schafik 
773 |g número 1; páginas 23-41  
999 |c 20352  |d 20352